000 00656nam a2200193 4500
001 117418
003 ES-MaACL
005 20230906190912.0
007 t|
008 070214s1971 sp r ||||1| spa d
245 0 0 _aPequeña y media industria en España.
260 _aMadrid :
_bCentro de Estudios Sociales del Valle de los Caídos,
_c1971.
300 _aXXI, 243 p. :
_bil. ;
_c22 cm.
490 1 _aAnales de moral social y económica ;
_v27
710 2 _aCentro de Estudios Sociales del Valle de los Caídos.
_92674
830 0 _aAnales de moral social y económica ;
_v27
_9182660
852 _aES-MaACL
_jC-38595
_bR.79025
999 _c117418
_d117418